U.S. States Flags (+Twist) - Sudden Death #4 - Statistics

General Stats
  • This quiz has been taken 40 times
    31 since last reset
  • The average score is 5 of 23
Answers on the Grid
Answers color-coded by a green-red scale on the quiz's grid according to % correct below.
Alabama
Alaska
Arizona
Arkansas
California
Colorado
Connecticut
Delaware
Florida
Georgia
Hawaii
Idaho
Illinois
Indiana
Iowa
Kansas
Kentucky
Louisiana
Maine
Maryland
Massachusetts
Michigan
Minnesota
Mississippi
Missouri
Montana
Nebraska
Nevada
New Hampshire
New Jersey
New Mexico
New York
North Carolina
North Dakota
Ohio
Oklahoma
Oregon
Pennsylvania
Rhode Island
South Carolina
South Dakota
Tennessee
Texas
Utah
Vermont
Virginia
Washington
West Virginia
Wisconsin
Wyoming
 
Answer Stats
Answer % Correct
Alabama
100%
Arizona
50%
Arkansas
50%
California
50%
Colorado
50%
Florida
25%
Georgia
25%
Hawaii
25%
Illinois
25%
Iowa
25%
Maryland
25%
Massachusetts
25%
Missouri
0%
New Jersey
0%
New Mexico
0%
North Carolina
0%
Ohio
0%
Rhode Island
0%
Tennessee
0%
Texas
0%
Utah
0%
Washington
0%
West Virginia
0%
No matching quizzes found
Score Distribution
Percent of People with Each Score
Percentile by Number Answered
Your Score History
You have not taken this quiz since the last reset